000 00736nam a2200241Ia 4500
003 OSt
005 20220925222753.0
006 a|||||r|||| 00| 0
007 ta
008 220923b |||||||| |||| 00| 0 eng d
037 _cGeneral Book
040 _aRTL
_cRTL
_beng
041 _2eng
_aeng
082 _aX:9914.3.N7, L7
100 _aDaniel W. W.
_9136275
245 0 _aWhere are they now ? A follow-up study of the unem
260 _aLondon
_bPolitical and Economic Planning U. K.
_c1977
300 _ax, 99p.
_ccm.
650 _aUnemployment-Britain
_9250326
700 _a Stilgoe Elizabeth
_9287465
942 _hX:9914.3.N7, L7
_cGB
_2CC
999 _c577727
_d577727